header

Design and analysis of experiments. (Record no. 143776)

MARC details
000 -LEADER
fixed length control field 01296nam a2200313Ia 4500
245 00 - TITLE STATEMENT
Title Design and analysis of experiments.
260 ## - PUBLICATION, DISTRIBUTION, ETC. (IMPRINT)
Place of publication Hoboken, NJ :
Name of publisher Wiley-Interscience,
Year of publication 2012.
300 ## - PHYSICAL DESCRIPTION
Number of Pages xxvii, 555 p. :
Other physical details ill.
490 1# - SERIES STATEMENT
Series statement Wiley series in probability and statistics
650 #0 - SUBJECT ADDED ENTRY--TOPICAL TERM
Topical Term Experimental design.
Topical Term Mathematical statistics.
700 1# - ADDED ENTRY--PERSONAL NAME
Personal name Hinkelmann, Klaus,
856 40 - ELECTRONIC LOCATION AND ACCESS
Uniform Resource Identifier http://site.ebrary.com/lib/rucke/Doc?id=10524059

No items available.

© 2026 Rongo University
Contact us: librarian | system librarian | Rongo university